Gandhi marg (Record no. 220330)
[ view plain ]
| 000 -LEADER | |
|---|---|
| fixed length control field | 00289nas a2200121 4500 |
| 005 - DATE AND TIME OF LATEST TRANSACTION | |
| control field | 20211102115215.0 |
| 008 - FIXED-LENGTH DATA ELEMENTS--GENERAL INFORMATION | |
| fixed length control field | 211102b ||||| |||| 00| 0 eng d |
| 022 ## - INTERNATIONAL STANDARD SERIAL NUMBER | |
| International Standard Serial Number | 0016-4437 |
| 040 ## - CATALOGING SOURCE | |
| Transcribing agency | |
| 245 ## - TITLE STATEMENT | |
| Title | Gandhi marg |
| 260 ## - PUBLICATION, DISTRIBUTION, ETC. | |
| Place of publication, distribution, etc. | Gandhi Peace foundation |
| Name of publisher, distributor, etc. | Apr Sep 2020 |
| 942 ## - ADDED ENTRY ELEMENTS (KOHA) | |
| Source of classification or shelving scheme | Dewey Decimal Classification |
| Koha item type | Periodicals |
| Withdrawn status | Lost status | Source of classification or shelving scheme | Damaged status | Not for loan | Home library | Current library | Date acquired | Total Checkouts | Date last seen | Price effective from | Koha item type |
|---|---|---|---|---|---|---|---|---|---|---|---|
| Dewey Decimal Classification | St Aloysius PG Library | St Aloysius PG Library | 11/02/2021 | 11/02/2021 | 11/02/2021 | Periodicals |